Zgadnij flagę bez kolorów! - Statystyki

Ogólne statystyki
  • Ten quiz został rozwiązany 20 razy
  • Średni wynik to 51 z 61
Statystyki odpowiedzi
Obrazkowy Odpowiedź % Poprawnych
Australia
100%
Białoruś
100%
Jamajka
100%
Korea Północna
100%
Słowenia
100%
Brazylia
94%
Chile
94%
Finlandia
94%
Francja
94%
Grecja
94%
Gruzja
94%
Indonezja
94%
Katar
94%
Liban
94%
Łotwa
94%
Maroko
94%
Mołdawia
94%
Polska
94%
Austria
89%
Belgia
89%
Bhutan
89%
Czarnogóra
89%
Filipiny
89%
Islandia
89%
Korea Południowa
89%
Laos
89%
Macedonia Północna
89%
Pakistan
89%
Panama
89%
Papua-Nowa Gwinea
89%
Republika Południowej Afryki
89%
Serbia
89%
Tunezja
89%
Turkmenistan
89%
Urugwaj
89%
Azerbejdżan
83%
Demokratyczna Republika Konga
83%
Ekwador
83%
Kazachstan
83%
Kirgistan
83%
Mozambik
83%
Nepal
83%
Nikaragua
83%
Tajlandia
83%
Wenezuela
83%
Etiopia
78%
Malezja
78%
Mongolia
78%
Kambodża
72%
Liechtenstein
72%
Madagaskar
72%
Niger
72%
Togo
72%
Wybrzeże Kości Słoniowej
67%
Zambia
67%
Antigua i Barbuda
61%
Armenia
61%
Bułgaria
61%
Gujana
56%
Malawi
56%
Gwatemala
50%
Nie znaleziono quizów pasujących do podanych kryteriów
Rozkład punktacji
Procent ludzi z każdym wynikiem
Percentyl według liczby udzielonych odpowiedzi
Twoja historia wyników
Nie rozwiązałeś tego quizu